000 00210nam a2200085Ia 4500
008 120527s9999 xx 000 0 und d
100 _aSTARKEY, Paul
245 _aImproving Animal traction technology
942 _cBK
999 _c25169
_d25169